| 000 | 00685nam a22001937a 4500 | ||
|---|---|---|---|
| 005 | 20240206162812.0 | ||
| 010 | _aENG-139139 | ||
| 020 |
_a9788172210489 _c200.00 |
||
| 035 | _aEN- 122671 | ||
| 037 | _bDBAD/PUB | ||
| 082 |
_a303.625 _21 |
||
| 100 |
_aRashid, Afsana _961793 |
||
| 245 |
_aWidows & Half Widows: _bSaga Of Extra- Judicial Arrests & Killings In Kashmir/ _c By Afsana Rashid |
||
| 250 | _a1 | ||
| 260 |
_aNew Delhi _bPharos Media & Publishing Pvt Ltd _c2011 |
||
| 270 |
_aD-84 Abul Fazl Enclave -I Jamia Nagar _bNew Delhi _e110025 _k011-26947483 _k011-26952825 _mbooks@pharosmedia.com |
||
| 300 |
_a188p. _c22cm(pb) |
||
| 942 |
_2ddc _cEN _h303.625 _mRAS _e1 |
||
| 999 |
_c200580 _d200580 |
||